000 00349nam a22001457a 4500
008 210526b ||||| |||| 00| 0 eng d
020 _a9780967507255
041 _aeng
080 _a32
082 _a32
100 _a19
101 _aSHP
245 _aCode Blue a Tale of Compassion, Power and Politics
_cRichard E. Mcdermott
942 _2udc
_cBK
999 _c57646
_d57646